书目信息 |
| 题名: |
神舟圆梦
|
|
| 作者: | ;中国空间技术研究院 编 | |
| 分册: | ||
| 出版信息: | 北京 中国发展出版社 2003.11 |
|
| 页数: | 215页 | |
| 开本: | 24cm | |
| 丛书名: | ||
| 单 册: | ||
| 中图分类: | V529-44 | |
| 科图分类: | ||
| 主题词: | 载人航天飞行--zai ren hang tian fei xing--中国--问答 | |
| 电子资源: | ||
| ISBN: | 7-80087-692-6 | |
| 000 | 01000nam0 2200241 450 | |
| 001 | 012008915984 | |
| 005 | 20080313153318.56 | |
| 010 | @a7-80087-692-6@dCNY70.00 | |
| 100 | @a20080313d2003 km y0chiy0120 ea | |
| 101 | 0 | @achi |
| 102 | @aCN@b110000 | |
| 105 | @aac z 000yy | |
| 106 | @ar | |
| 200 | 1 | @a神舟圆梦@Ashen zhou yuan meng@e载人航天知识问答@f中国空间技术研究院编@Fzhong guo kong jian ji shu yan jiu yuan bian |
| 210 | @a北京@c中国发展出版社@d2003.11 | |
| 215 | @a215页@c图, 肖像@d24cm | |
| 330 | @a本书由亲自参与我国载人航天工程的专家和学者编写。以通俗的语言、形象的描述、权威性的解释,全景记录了“神州”之旅,介绍了国内外的航天历程,为航天知识爱好者提供了一本很好的读物。 | |
| 517 | 1 | @a载人航天知识问答@Azai ren hang tian zhi shi wen da |
| 606 | 0 | @a载人航天飞行@Azai ren hang tian fei xing@y中国@j问答 |
| 690 | @aV529-44@v4 | |
| 711 | 02 | @a中国空间技术研究院@Azhong guo kong jian ji shu yan jiu yuan@4编 |
| 801 | 0 | @aCN@bQSSK@c20080313 |
| 905 | @b20282311-13@dV529-44@eZ495@f3 | |
| 神舟圆梦:载人航天知识问答/中国空间技术研究院编.-北京:中国发展出版社,2003.11 |
| 215页:图, 肖像;24cm |
| ISBN 7-80087-692-6:CNY70.00 |
| 本书由亲自参与我国载人航天工程的专家和学者编写。以通俗的语言、形象的描述、权威性的解释,全景记录了“神州”之旅,介绍了国内外的航天历程,为航天知识爱好者提供了一本很好的读物。 |
| ● |
| 相关链接 |
|
|
|
正题名:神舟圆梦
索取号:V529-44/Z495
 
预约/预借
| 序号 | 登录号 | 条形码 | 馆藏地/架位号 | 状态 | 备注 |
| 1 | 282311 | 202823114 | 自科库501/501自科库 90排2列2层/ [索取号:V529-44/Z495] | 在馆 | |
| 2 | 282312 | 202823123 | 期刊室512/501自科库 90排2列2层/ [索取号:V529-44/Z495] | 在馆 | |
| 3 | 282313 | 202823132 | 自科库501/501自科库 90排2列2层/ [索取号:V529-44/Z495] | 在馆 |